00393nam a2200133Ia 4500008004100000020002400041040002600065082001500091100003900106245006200145260003100207003000400238005001700242241206s9999||||xx |||||||||||||| ||und|| a9789832031482c29.9 bengcSSK Libraryerda a005.52/JAM a Jamalludin Harun & Zaidatun Tasir 0aMenguasai Perisian Pemproses Perkataan: Microsoft Word Xp b Venton Publishingc©2001OSt20241206223229.0